| 000 | 00000nam##2200000za#4500 |
| 001 | 9.623973 |
| 003 | CaOODSP |
| 005 | 20200327175605 |
| 007 | ta |
| 008 | 150406|1996||||xxc||||| f|0| 0 fre|d |
| 020 | |a0-662-80612-3 |
| 022 | |a1188-7990 |
| 040 | |aCaOODSP|bfre |
| 043 | |an-cn--- |
| 086 | 1 |aEn1-17/25-1996F |
| 110 | 1 |aCanada. |bEnvironnement Canada. |bService de la protection de l'environnement. |
| 245 | 10|aSédiments contaminés: Amphibex: un équipement d'excavation polyvalent pour des interventions en milieu aquatique / |cpar René Rochon. |
| 260 | |aMontréal - Québec : |bEnvironnement Canada. |c1996. |
| 300 | |a4p. : |bfigures en couleur, tableaux ; |c28 cm. |
| 490 | 1 |aTechnologies Saint-Laurent|x1188-7990 |
| 500 | |aN.B.: Le numéro de catalogue imprimé dans cette publication (En 40-506/1996F) a été corrigé afin de permettre de ranger cette publication avec les autres de la même collection. |
| 563 | |aDépliant |
| 590 | |a96-28|b1996-07-12 |
| 720 | 1 |aRochon, René |
| 775 | 08|tContaminated sediment: Amphibex: a multifunctional excavation equipment for use in the aquatic environment / |w(CaOODSP)9.613247 |
| 776 | 0#|tSédiments contaminés. Amphibex - un équipement d'excavation polyvalent pour des interventions en milieu aquatique |w(CaOODSP)9.601871 |
| 830 | #0|aTechnologies Saint-Laurent,|x1188-7990|w(CaOODSP)9.512939 |